| 000 | 01185cam a2200253 4500 | ||
|---|---|---|---|
| 001 | WB3842-01 | ||
| 008 | 021112n2002 000 0 eng u | ||
| 035 | _a(Sirsi) u120425 | ||
| 245 | _aPrivate investors dominate UK auction houses | ||
| 260 | _c2002 | ||
| 490 | _aRICS Property Auctioneering Group News | ||
| 520 | _aAccording to Jones Lang LaSalle (JLL), private investors are driving commercial property UK auction houses activity but may not be fully aware of the risks. Based on IPD auction results analysis system (ARAS) data, auction houses look set to achieve a record £1.2bn through property sales in 2002. Compared to around £800m in 2001 and £600m in 2000. JLL auctions page http://www.joneslanglasalle.co.uk/services_capital01/pg_auctions.html. http://www.rics.org/ricscms/bin/show?class=News&template=/includes/shownews.html&id=4161. | ||
| 590 | _aWB | ||
| 650 | _aPRIVATE INVESTORS | ||
| 650 | _aAUCTION HOUSES | ||
| 650 | _aPROPERTY-COMMERCIAL PROPERTY | ||
| 650 | _aARAS | ||
| 650 | _aAUCTION RESULTS ANALYSIS SYSTEM | ||
| 650 | _aIPD | ||
| 650 | _aJONES LANG LASALLE | ||
| 650 | _aPROPERTY SALES | ||
| 690 |
_aAuctioneering _96218 |
||
| 942 | _n0 | ||
| 999 |
_c71550 _d71550 |
||